• 首页
  • 本馆介绍
  • 公告通知
  • 最新文献
  • 馆藏检索
  • 电子资源
  • 读者导购
  • 参考咨询
  • 我的图书馆
  • 登录
  • 详细信息显示
  • 放入我的书架
  • 预约/预借图书
  • 作者相关作品
  • 分类相关作品
  • 丛书相关作品
  • 出版社相关作品

书目信息

  • 表格格式
  • 工作单格式
  • 卡片格式
题名:
国际单位制
    
 
作者: ;房玉生 , 李慎安 译 ;国际计量局 编辑
分册:  
出版信息: 北京   科学出版社  1983
页数: 64页
开本: 19cm
丛书名:
单 册:
中图分类: TB91
科图分类:
主题词: 国际单位制
电子资源:
ISBN:
000 00833nam0 2200289 45
001 0183000273
005 20060816110209.96
010    @dCNY0.38
091    @a13031.2206
100    @a19950929d1983 em y0chiy0121 ea
101 1  @achi@cfre
102    @aCN@b110000
105    @ay l 000yy
200 10 @a国际单位制@Aguo ji dan wei zhi@f国际计量局编辑@g李慎安,房玉生译
205    @a3版
210    @a北京@c科学出版社@d1983
215    @a64页@d19cm
300    @a书名原文:Le Systeme International D'unites
510 1  @aLe Systeme International D'unites@zfre
606    @a国际单位制
690    @aTB91@v3
702  0 @a房玉生@Afang yu sheng@4译
702  0 @a李慎安@Ali shen an@4译
711 02 @a国际计量局@Aguo ji ji liang ju@4编辑
801  2 @aCN@bNLC@c20060816
801  0 @aCN@bTSSF@c20060810
905    @a10447@dTB91@e34=3
    
    国际单位制/国际计量局编辑/李慎安,房玉生译.-3版.-北京:科学出版社,1983
    64页;19cm
    书名原文:Le Systeme International D'unites
    
    ISBN :CNY0.38
    
●
相关链接 在E读中查询图书 在五车中查询图书 在当当中查询图书 在豆瓣中查询图书


正题名:国际单位制     索取号:TB91/34=3         预约/预借

序号 登录号 条形码 馆藏地/架位号 状态 备注
1 0439453   204394538   密集书库/ [索取号:TB91/34=3] 在馆    
2 0448412   204484129   密集书库/ [索取号:TB91/34=3] 在馆    
3 0458674   204586741   密集书库/ [索取号:TB91/34=3] 在馆    
唐山师范学院图书馆 欢迎您!
大连网信软件有限公司© 版权所有